00426cam a2200157ua 45000010005000000080039000050400009000440820015000531000023000682450062000912500009001532600055001623000017002176530013002346530021002472419110816n ii |||gr||||Z||||||asm cMAIN a398.0541621 aLekharu, Jitu Kr.,1 aAsamar loka utsav aru loka sanskriticby Jitu Kr. Lekharu a1st. aGuahati:bSecretary publiation board assam,c2008. a198p:c23cm. aFolklore aAssamese culture